व्यावसायिक परीपाठ. (Record no. 266816)

MARC details
000 -LEADER
fixed length control field 00770nam a2200181Ia 4500
008 - FIXED-LENGTH DATA ELEMENTS--GENERAL INFORMATION
fixed length control field 090630s9999 xx 000 0 und d
082 ## - DEWEY DECIMAL CLASSIFICATION NUMBER
Item number 14960
100 ## - MAIN ENTRY--PERSONAL NAME
Personal name खडपेकर श्री. वि.
245 ## - TITLE STATEMENT
Title व्यावसायिक परीपाठ.
Statement of responsibility, etc खडपेकर श्री. वि.
260 ## - PUBLICATION, DISTRIBUTION, ETC. (IMPRINT)
Name of publisher, distributor, etc महाराष्ट्र विद्यापीठ ग्रंथनिर्मिती मंडळ - नागपूर.
Date of publication, distribution, etc 1981
300 ## - PHYSICAL DESCRIPTION
Extent 491
600 ## - SUBJECT ADDED ENTRY--PERSONAL NAME
Personal name खडपेकर श्री. वि.
630 ## - SUBJECT ADDED ENTRY--UNIFORM TITLE
Uniform title व्यावसायिक परीपाठ.
655 ## - INDEX TERM--GENRE/FORM
Genre/form data or focus term इतर.
700 ## - ADDED ENTRY--PERSONAL NAME
Personal name खडपेकर श्री. वि.
730 ## - ADDED ENTRY--UNIFORM TITLE
Uniform title व्यावसायिक परीपाठ.
942 ## - ADDED ENTRY ELEMENTS (KOHA)
Koha item type Book
Holdings
Withdrawn status Lost status Damaged status Not for loan Home library Current library Date acquired Cost, normal purchase price Total Checkouts Full call number Barcode Date last seen Cost, replacement price Price effective from Koha item type
        Sarvajanik Wachanalaya Shrivardhan Sarvajanik Wachanalaya Shrivardhan   76.00   14960 SAWASHRI-14960 06/30/2009 76.00 06/30/2009 Book